000 00616nam a2200241Ia 4500
003 0100
008 130307s9999 xx 000 0 und d
020 _a0869814125
040 _cARRUPELIB
050 _aLB17.V45 1986
100 _aVenter, I. S. J
245 _aEducational themes in time perspective
245 _bpart three
260 _aPretoria
260 _bUniversity of South Africa
260 _c1986.
300 _aix
300 _b148 p. 23 cm.
440 _aManualia ;40 ; Manualia (University of South Africa) ; 40.
650 _aEDUCATION
700 _aVerster, T. L
942 0 0 _01
999 _c93087
_d93087